| 000 | 01025cab a2200289 4500 | ||
|---|---|---|---|
| 001 | ABS59782 | ||
| 008 | 090401t1998 xxu||||| |||| 00| 0 eng d | ||
| 035 | _a(Sirsi) u90170 | ||
| 041 | _aeng | ||
| 100 | _aUdall, R. | ||
| 245 | _aClear and present danger | ||
| 260 | _c1998 | ||
| 350 | _a0 | ||
| 490 |
_aFacilities Management World _v13 November/December 1998, 23-25(3) |
||
| 520 | _aWith fatalities on the increase, asbestos exposure is now recognised as the major occupational disease in the UK. Discusses current HSE directives including proposals to regulate the sampling and surveying of buildings for asbestos materials. | ||
| 650 | _aADVICE | ||
| 650 | _aMANAGEMENT-HEALTH AND SAFETY-HAZARDOUS SUBSTANCES-ASBESTOS | ||
| 650 | _aCONTROL OF ASBESTOS AT WORK REGULATIONS 1992 | ||
| 650 | _aENFORCEMENT | ||
| 650 | _aHEALTH HAZARDS | ||
| 650 | _aHSE | ||
| 650 | _aRISK MANAGEMENT | ||
| 650 | _aWHITE ASBESTOS | ||
| 690 | _aBUILT ENVIRONMENT-BUILDING STANDARDS | ||
| 942 | _n0 | ||
| 948 | _c07/12/1998 | ||
| 999 |
_c57124 _d57124 |
||